| 000 | 00000nam 2200000zi 4500 |
| 001 | 9.928143 |
| 003 | CaOODSP |
| 005 | 20240202150404 |
| 006 | m o d f |
| 007 | cr cn||||||||| |
| 008 | 231004e202310##oncd ob f000 0 eng d |
| 020 | |a9780660681849 |
| 040 | |aCaOODSP|beng|erda|cCaOODSP |
| 043 | |an-cn-ab |
| 086 | 1 |aJ4-150/2023E-PDF |
| 100 | 1 |aBourgon, Natacha, |eauthor. |
| 245 | 12|aA case study of the Edmonton Police Service's response to senior abuse / |cNatacha Bourgon, Research and Statistics Division, in collaboration with Senior Protection Unit, Edmonton Police Service. |
| 264 | 1|a[Ottawa] : |bDepartment of Justice Canada = Ministère de la Justice Canada, |cOctober 2023. |
| 264 | 4|c©2023 |
| 300 | |a1 online resource (26 pages) : |bcharts |
| 336 | |atext|btxt|2rdacontent |
| 337 | |acomputer|bc|2rdamedia |
| 338 | |aonline resource|bcr|2rdacarrier |
| 500 | |aCover title. |
| 500 | |aIssued also in French under title: Étude de cas sur la lutte du Service de police d'Edmonton contre la maltraitance envers les personnes aînées. |
| 504 | |aIncludes bibliographical references. |
| 520 | |a"This study examined the Edmonton Police Service’s data collection practices and responses to senior abuse"--page 9. |
| 650 | 0|aOlder people|xAbuse of|zAlberta|zEdmonton. |
| 710 | 1 |aCanada. |bDepartment of Justice, |eissuing body. |
| 710 | 1 |aEdmonton (Alb.).|bPolice Dept, |eauthor. |
| 775 | 08|tÉtude de cas sur la lutte du Service de police d'Edmonton contre la maltraitance envers les personnes aînées / |w(CaOODSP)9.928144 |
| 856 | 40|qPDF|s486 KB|uhttps://publications.gc.ca/collections/collection_2024/jus/J4-150-2023-eng.pdf |
| 856 | 4 |qHTML|sN/A|uhttps://www.justice.gc.ca/eng/rp-pr/jr/aeact-ecmae/index.html |